|
|
|
|
| LEADER |
00973nab a2200277 i 4500 |
| 001 |
publ11104 |
| 005 |
20200116153027.0 |
| 008 |
170328s2016 hu o 0|| zxx d |
| 022 |
|
|
|a 0165-5876
|
| 024 |
7 |
|
|a 10.1016/j.ijporl.2016.10.013
|2 doi
|
| 024 |
7 |
|
|a 3159727
|2 mtmt
|
| 040 |
|
|
|a SZTE Publicatio Repozitórium
|b hun
|
| 041 |
|
|
|a zxx
|
| 100 |
1 |
|
|a Sztanó Balázs
|
| 245 |
1 |
0 |
|a Biodegradable airway stents in infants - Potential life-threatening pitfalls
|h [elektronikus dokumentum] /
|c Sztanó Balázs
|
| 260 |
|
|
|a Elsevier; North-Holland
|c 2016
|
| 300 |
|
|
|a 86-89
|
| 490 |
0 |
|
|a INTERNATIONAL JOURNAL OF PEDIATRIC OTORHINOLARYNGOLOGY
|v 91
|
| 700 |
0 |
1 |
|a Kiss Gabriella
|e aut
|
| 700 |
0 |
1 |
|a Marai K.
|e aut
|
| 700 |
0 |
1 |
|a Rácz Gábor Z.
|e aut
|
| 700 |
0 |
1 |
|a Szegesdi Ilona
|e aut
|
| 700 |
0 |
1 |
|a Rácz Katalin
|e aut
|
| 700 |
0 |
1 |
|a Katona Gábor
|e aut
|
| 700 |
0 |
1 |
|a Rovó László
|e aut
|
| 856 |
4 |
0 |
|u http://publicatio.bibl.u-szeged.hu/11104/1/sztano_biodegradable.pdf
|z Dokumentum-elérés
|